[Event "Cairo op"]
[Site "Cairo"]
[Date "1998.??.??"]
[Round "1"]
[White "Elgabry, Mohsen"]
[Black "Mohamed, Esam Ahmed Nagib"]
[Result "1-0"]
[WhiteElo "2280"]
[BlackElo "2485"]
[PlyCount "81"]
[EventDate "1998.??.??"]
[Source "www.chesslib.no"]
[SourceDate "2004.05.04"]

1. e4 c5 2. Nf3 d6 3. d4 cxd4 4. Nxd4 Nf6 5. Nc3 Nc6 6. Be2 Bd7 7. O-O e6 8. Ndb5 Qb8 9. Bg5 a6 10. Bxf6 gxf6 11. Nd4 Be7 12. Qd2 Nxd4 13. Qxd4 Bc6 14. a4 Rg8 15. Rfe1 Qc7 16. Bf1 O-O-O 17. Nd5 exd5 18. exd5 Be8 19. Qa7 Rg5 20. g3 Re5 21. f4 Rxe1 22. Rxe1 Bf8 23. Bh3+ Bd7 24. Qa8+ Qb8 25. Qxb8+ Kxb8 26. Bxd7 Kc7 27. Bf5 h6 28. Re3 Rb8 29. b4 Kd8 30. Kg2 b6 31. Kf3 a5 32. Bd3 Rc8 33. bxa5 bxa5 34. Bb5 Be7 35. c4 f5 36. g4 fxg4+ 37. Kxg4 Bf8 38. Kh5 Kc7 39. f5 Kb6 40. f6 Kc5 41. Re7 1-0

[Event "CSR Ch"]
[Site "Brno CZE"]
[Date "1990.??.??"]
[Round "13"]
[White "Brychta, Ivan"]
[Black "Gross, Stefan"]
[Result "0-1"]
[WhiteElo "2330"]
[BlackElo "2420"]
[PlyCount "59"]
[EventDate "1990.??.??"]
[Source "www.chesslib.no"]
[SourceDate "2004.05.04"]

1. e4 c5 2. Nf3 d6 3. d4 cxd4 4. Nxd4 Nf6 5. Nc3 Nc6 6. Be2 Qb6 7. Nb3 e6 8. Be3 Qc7 9. f4 a6 10. Bf3 Rb8 11. a4 b6 12. Qe2 Bb7 13. Qf2 Ba8 14. O-O Be7 15. e5 Nd7 16. exd6 Bxd6 17. Rad1 Rd8 18. Ne4 Be7 19. Ng5 O-O 20. f5 exf5 21. Bd5 g6 22. Qh4 Nf6 23. Qh6 Rxd5 24. Rxd5 Ne5 25. Rd2 Neg4 26. Qh3 Nxe3 27. Re1 Neg4 28. Nd4 Qf4 29. Ngf3 Bc5 30. Red1 0-1

[Event "Erkel mem op"]
[Site "?"]
[Date "2000.10.31"]
[Round "2"]
[White "Hajdu Istvan"]
[Black "Chernyshov Konstantin"]
[Result "0-1"]
[WhiteElo "2212"]
[BlackElo "2536"]
[PlyCount "80"]
[EventDate "2000.??.??"]
[Source "www.chesslib.no"]
[SourceDate "2004.05.04"]

1. e4 c5 2. Nf3 Nc6 3. d4 cxd4 4. Nxd4 Nf6 5. Nc3 d6 6. Be2 Nxd4 7. Qxd4 g6 8. e5 dxe5 9. Bb5+ Bd7 10. Qxe5 Bg7 11. Bxd7+ Qxd7 12. Qb5 Rc8 13. Qxd7+ Nxd7 14. Bd2 Ne5 15. O-O-O Nc4 16. Be1 b5 17. h4 O-O 18. Rh3 Rc7 19. Rhd3 Nxb2 20. Kxb2 b4 21. Rd8 bxc3+ 22. Ka3 Be5 23. Rxf8+ Kxf8 24. g3 f5 25. f4 Bf6 26. Rd3 Kf7 27. Ka4 h6 28. Rd5 Rc6 29. Bf2 a6 30. Kb3 Rc8 31. Ra5 Rc6 32. Ra4 e5 33. fxe5 Bxe5 34. g4 f4 35. Bd4 Ke6 36. Bxe5 Kxe5 37. Rb4 f3 38. Rb8 f2 39. Re8+ Re6 40. Rf8 Rf6 0-1

[Event "Pologne (champoionnat U16 -U18)"]
[Site "?"]
[Date "2004.03.31"]
[Round "6.1"]
[White "Czarnota Pawel"]
[Black "Moranda Wojciech"]
[Result "1-0"]
[WhiteElo "2386"]
[BlackElo "2334"]
[PlyCount "63"]
[EventDate "2004.??.??"]
[Source "www.chesslib.no"]
[SourceDate "2004.05.04"]

1. e4 c5 2. Nf3 d6 3. d4 cxd4 4. Nxd4 Nf6 5. Nc3 Nc6 6. Be2 Nxd4 7. Qxd4 g6 8. Qa4+ Bd7 9. Qb3 Bc6 10. Bc4 e6 11. O-O Nd7 12. Be3 Qa5 13. a4 Nc5 14. Qa2 Bg7 15. Nb5 Nxe4 16. f3 Nd2 17. Nxd6+ Kf8 18. Rfd1 Nxc4 19. Qxc4 Kg8 20. b4 Qh5 21. Bd4 Qg5 22. Ra3 Bxd4+ 23. Qxd4 e5 24. Qc4 Qf6 25. b5 Be8 26. Qc7 Kg7 27. Rad3 e4 28. fxe4 b6 29. Qb7 Rd8 30. Nf5+ gxf5 31. Rxd8 Bc6 32. Qxc6 1-0

[Event "TCh-BEL2 2003-4"]
[Site "Belgium"]
[Date "2004.01.25"]
[Round "2"]
[White "Froeyman, Helmut"]
[Black "Klyuner, Vyacheslav"]
[Result "0-1"]
[WhiteElo "2308"]
[BlackElo "2402"]
[PlyCount "142"]
[EventDate "2004.01.01"]
[Source "Roberto Alvarez"]
[SourceDate "2004.04.12"]

1. e4 c5 2. Nf3 Nc6 3. d4 cxd4 4. Nxd4 Nf6 5. Nc3 d6 6. Be2 a6 7. O-O e5 8. Nb3 Be7 9. Kh1 O-O 10. f4 b5 11. Bf3 Be6 12. Nd5 Rc8 13. c3 exf4 14. Bxf4 Ne5 15. Nd4 Nxd5 16. exd5 Bd7 17. Re1 Bf6 18. Be4 g6 19. Qd2 Re8 20. Rac1 Bg7 21. Nf3 Nc4 22. Qf2 h6 23. b3 g5 24. Bg3 f5 25. Bxf5 Bxf5 26. Rxe8+ Qxe8 27. bxc4 Qg6 28. cxb5 axb5 29. Nd4 Bd7 30. Qd2 Rc4 31. h3 b4 32. Nc6 bxc3 33. Qe2 Qe4 34. Qxe4 Rxe4 35. Bxd6 Bxc6 36. dxc6 Rc4 37. Rc2 Rxc6 38. Bb4 Kf7 39. Kg1 Ke6 40. Kf2 Kd5 41. Kf3 Rc4 42. Ba5 Rf4+ 43. Ke2 Kc4 44. g3 Rf5 45. Bxc3 Bxc3 46. Ke3 h5 47. Rc1 Re5+ 48. Kf3 Kd3 49. Rb1 Re3+ 50. Kf2 Bd4 51. Rb3+ Ke4 52. Rb4 Ra3+ 53. Kg2 Rxa2+ 54. Kh1 Rd2 55. Ra4 Kf5 56. Ra5+ Be5 57. Ra3 Rc2 58. Rf3+ Ke6 59. Ra3 Rc3 60. Ra6+ Kf5 61. g4+ hxg4 62. hxg4+ Kxg4 63. Kg2 Rc2+ 64. Kf1 Bf4 65. Ra3 Kf5 66. Ra5+ Ke4 67. Ra3 g4 68. Ra8 Kf3 69. Ra3+ Be3 70. Ra1 g3 71. Re1 g2# 0-1

[Event "CHI Ch"]
[Site "Santiago CHI"]
[Date "1994.??.??"]
[Round "?"]
[White "Egger, Jorge"]
[Black "Rojas, Luis"]
[Result "1-0"]
[WhiteElo "2425"]
[BlackElo "2285"]
[PlyCount "125"]
[EventDate "1994.??.??"]
[Source "www.chesslib.no"]
[SourceDate "2004.05.04"]

1. e4 c5 2. Nc3 Nc6 3. Nge2 d6 4. d4 cxd4 5. Nxd4 Nf6 6. Be2 e5 7. Nf3 h6 8. O-O Be7 9. Re1 O-O 10. h3 Be6 11. Bf1 Qa5 12. Bd2 Qd8 13. a3 Re8 14. Bc1 Bf8 15. Nd5 Bxd5 16. exd5 Ne7 17. c4 Ng6 18. b4 Qd7 19. g3 e4 20. Nd4 Ne5 21. Bb2 g6 22. f4 Nd3 23. Bxd3 exd3 24. Rxe8 Rxe8 25. Kg2 Ne4 26. Qxd3 Qxh3+ 27. Kxh3 Nf2+ 28. Kg2 Nxd3 29. Bc3 Re3 30. Bd2 Re4 31. Bc3 Bg7 32. Rd1 Bxd4 33. Rxd3 Bb6 34. c5 dxc5 35. bxc5 Bxc5 36. d6 Bb6 37. Bf6 Re6 38. Be7 Bc5 39. g4 f6 40. f5 gxf5 41. gxf5 Re2+ 42. Kf3 Re5 43. Kg4 Kf7 44. Bd8 Re8 45. Bc7 Bb6 46. Rb3 Rg8+ 47. Kh5 Rg5+ 48. Kxh6 Rxf5 49. Rxb6 axb6 50. d7 Rf3 51. Kh5 Rd3 52. d8=Q Rxd8 53. Bxd8 b5 54. Kg4 Ke6 55. Kf4 f5 56. Ba5 Kd7 57. Kxf5 b6 58. Bb4 Kc6 59. Ke6 Kb7 60. Kd7 Ka8 61. Kc8 Ka7 62. Bd6 Ka8 63. Bb8 1-0

[Event "AUT-chT2S 9798"]
[Site "AUT"]
[Date "1997.10.04"]
[Round "1"]
[White "Schmaltz, Roland"]
[Black "Muellneritsch, Anton"]
[Result "1-0"]
[WhiteElo "2445"]
[BlackElo "2250"]
[PlyCount "81"]
[EventDate "1998.??.??"]
[Source "www.chesslib.no"]
[SourceDate "2004.05.04"]

1. e4 c5 2. Nf3 d6 3. d4 cxd4 4. Nxd4 Nf6 5. Nc3 Nc6 6. Be2 Bd7 7. Nb3 a6 8. O-O b5 9. Be3 Ne5 10. Nd5 Nxd5 11. exd5 Qc8 12. Re1 g6 13. f4 Ng4 14. Bd4 f6 15. Bf3 Kf7 16. Na5 Nh6 17. Nc6 Nf5 18. Bf2 h5 19. a4 Bh6 20. g3 Qb7 21. b3 Rhe8 22. Qd3 Kg7 23. axb5 Qxb5 24. c4 Qb7 25. h3 e5 26. fxe5 fxe5 27. c5 Qb5 28. Qxb5 axb5 29. Rxa8 Rxa8 30. g4 hxg4 31. hxg4 Bxc6 32. dxc6 Nd4 33. Bxd4 exd4 34. cxd6 d3 35. c7 d2 36. Rd1 Rf8 37. d7 Rxf3 38. d8=Q Be3+ 39. Kg2 Rf2+ 40. Kg3 Re2 41. Qe7+ 1-0

[Event "Mondariz op"]
[Site "Mondariz"]
[Date "1997.??.??"]
[Round "?"]
[White "Sion Castro, Marcelino"]
[Black "Manso Gil, Angel"]
[Result "1-0"]
[WhiteElo "2435"]
[BlackElo "2260"]
[PlyCount "43"]
[EventDate "1997.??.??"]
[Source "www.chesslib.no"]
[SourceDate "2004.05.04"]

1. e4 c5 2. Nf3 Nc6 3. d4 cxd4 4. Nxd4 Nf6 5. Nc3 d6 6. Be2 Nxd4 7. Qxd4 g6 8. e5 dxe5 9. Bb5+ Bd7 10. Qxe5 a6 11. Bg5 Bg7 12. Nd5 O-O 13. Nxe7+ Qxe7 14. Qxe7 Rfe8 15. Qxe8+ Rxe8+ 16. Be2 Ng4 17. O-O-O Nxf2 18. Rxd7 Nxh1 19. Bc4 Rc8 20. Bxf7+ Kf8 21. Bd5 Be5 22. Rf7+ 1-0

[Event "TCh-CRO"]
[Site "Rabac"]
[Date "2004.09.07"]
[Round "3"]
[White "Zecevic, Dean"]
[Black "Doric, Darko"]
[Result "1/2-1/2"]
[WhiteElo "2356"]
[BlackElo "2300"]
[PlyCount "100"]
[EventDate "2004.06.21"]
[Source "Roberto Alvarez"]
[SourceDate "2004.09.21"]

1. e4 c5 2. Nf3 d6 3. d4 cxd4 4. Nxd4 Nf6 5. Nc3 Nc6 6. Be2 Nxd4 7. Qxd4 g6 8. Bg5 Bg7 9. Bb5+ Bd7 10. Bxd7+ Qxd7 11. Nd5 O-O 12. Bxf6 exf6 13. Nxf6+ Bxf6 14. Qxf6 Qa4 15. O-O Qxc2 16. Qd4 Rac8 17. Rfe1 Rc4 18. Qd5 Re8 19. Qxb7 Rcxe4 20. Rxe4 Qxe4 21. Qxe4 Rxe4 22. Kf1 Rc4 23. Rd1 Rc2 24. Rxd6 Rxb2 25. Ra6 Rb7 26. g4 Re7 27. Kg2 Kg7 28. h4 h6 29. Kg3 Rc7 30. f3 Rc2 31. Rxa7 g5 32. a3 Rc3 33. hxg5 hxg5 34. Kf2 Rb3 35. Ke2 Rc3 36. a4 Ra3 37. Ra8 Kf6 38. a5 Kg7 39. a6 Kf6 40. a7 Kg7 41. Kd2 Ra1 42. Kd3 Ra3+ 43. Kd4 Ra1 44. Ke5 Ra5+ 45. Kd6 Ra1 46. Kd5 Ra2 47. Ke4 Ra4+ 48. Ke3 Ra3+ 49. Kf2 Ra2+ 50. Kg3 Ra3 1/2-1/2

[Event "Germany"]
[Site "?"]
[Date "2001.??.??"]
[Round "?"]
[White "Sebastian Dirk"]
[Black "Weglarz Leszek"]
[Result "1/2-1/2"]
[WhiteElo "2330"]
[BlackElo "2315"]
[PlyCount "138"]
[EventDate "2001.??.??"]
[Source "www.chesslib.no"]
[SourceDate "2004.05.04"]

1. e4 c5 2. Nc3 Nc6 3. Nge2 Nf6 4. d4 cxd4 5. Nxd4 d6 6. Be2 e5 7. Nf3 h6 8. O-O Be7 9. Re1 O-O 10. h3 Be6 11. Bf1 Nb8 12. Nd5 Nxd5 13. exd5 Bf5 14. c4 Nd7 15. Be3 Bg6 16. b4 a5 17. a3 Bh5 18. Be2 Bxf3 19. Bxf3 f5 20. Be2 e4 21. Bd4 b6 22. Qb3 Bf6 23. Qb2 Qc7 24. Bxf6 Rxf6 25. Qd4 Re8 26. Rac1 Rff8 27. Bf1 Re5 28. Rc3 Rfe8 29. Be2 axb4 30. axb4 Ra8 31. Rcc1 Ree8 32. Ra1 Ne5 33. Rec1 Rxa1 34. Qxa1 Qe7 35. Qd4 Nf3+ 36. Bxf3 exf3 37. g3 Qe2 38. Rf1 Re4 39. Qxb6 Rxc4 40. Qe3 Rxb4 41. Re1 Qxe3 42. Rxe3 Rd4 43. Rxf3 Rxd5 44. Ra3 Kf7 45. h4 Kf6 46. Kg2 Re5 47. Ra6 Re6 48. Ra5 g6 49. Kf3 Re4 50. Ra8 h5 51. Kg2 Re7 52. Ra5 Re5 53. Ra8 d5 54. Kf1 Re6 55. f4 Ke7 56. Ra7+ Kd6 57. Ra6+ Kd7 58. Ra7+ Kc8 59. Kf2 d4 60. Ra4 Rd6 61. Ke2 d3+ 62. Kd2 Kd7 63. Ra3 Ke6 64. Rxd3 Rxd3+ 65. Kxd3 Kd5 66. Ke3 Kc4 67. Ke2 Kd4 68. Kd2 Ke4 69. Ke2 Kd4 1/2-1/2

[Event "It (Open) Bizovac CRO"]
[Site "?"]
[Date "2006.02.26"]
[Round "7"]
[White "Janchev Petar"]
[Black "Doric Darko"]
[Result "1/2-1/2"]
[WhiteElo "2238"]
[BlackElo "2404"]
[PlyCount "30"]
[EventDate "2006.??.??"]
[Source "www.chesslib.no"]
[SourceDate "2004.05.04"]

1. e4 c5 2. Nf3 d6 3. d4 cxd4 4. Nxd4 Nf6 5. Nc3 Nc6 6. Be2 Nxd4 7. Qxd4 g6 8. Bg5 Bg7 9. O-O O-O 10. Rfe1 Be6 11. Qd2 a6 12. Bf1 Re8 13. Nd5 Bxd5 14. exd5 Nd7 15. c4 Bf6 1/2-1/2

[Event "Aix Les Bains FRA"]
[Site "?"]
[Date "2006.??.??"]
[Round "6.1"]
[White "Jessel Stephen"]
[Black "Delorme Alban"]
[Result "1-0"]
[WhiteElo "2328"]
[BlackElo "2298"]
[PlyCount "78"]
[EventDate "2006.??.??"]
[Source "www.chesslib.no"]
[SourceDate "2004.05.04"]

1. e4 c5 2. Nf3 Nc6 3. d4 cxd4 4. Nxd4 Nf6 5. Nc3 d6 6. Be2 Nxd4 7. Qxd4 g6 8. g4 h6 9. Bb5+ Bd7 10. Bxd7+ Qxd7 11. f3 Bg7 12. Be3 Rc8 13. O-O-O O-O 14. Qxa7 Ra8 15. Qb6 Rfc8 16. Bd4 Rc4 17. Kb1 Ra6 18. Qb3 Rcc6 19. Nd5 Nxd5 20. exd5 Rc7 21. Bxg7 Kxg7 22. Rd4 e5 23. dxe6 fxe6 24. Rhd1 Rc5 25. a3 Rb5 26. Rxd6 Rxd6 27. Rxd6 Qxd6 28. Qxb5 Qd1+ 29. Ka2 Qxf3 30. g5 hxg5 31. Qxg5 Qe4 32. Kb3 e5 33. Qd2 Qf3+ 34. Qc3 Qd5+ 35. Kb4 Kh6 36. Qc4 Qf3 37. Qh4+ Kg7 38. Qc4 Kh6 39. Kb5 e4 1-0

[Event "SUI-chT"]
[Site "SUI"]
[Date "1996.??.??"]
[Round "1"]
[White "Vezzosi, Paolo"]
[Black "Summermatter, Daniel"]
[Result "0-1"]
[WhiteElo "2310"]
[BlackElo "2315"]
[PlyCount "56"]
[EventDate "1996.??.??"]
[Source "ChessBase"]

1. e4 c5 2. Nf3 Nc6 3. d4 cxd4 4. Nxd4 Nf6 5. Nc3 d6 6. Be2 Nxd4 7. Qxd4 g6 8. Bg5 Bg7 9. Nd5 O-O 10. Bxf6 exf6 11. Qb4 f5 12. exf5 Bxf5 13. O-O-O Rc8 14. Bd3 Be6 15. Be4 b5 16. Rhe1 a5 17. Qd2 b4 18. Qf4 Rc4 19. Ne3 Rxe4 20. Qxe4 Qf6 21. Rxd6 Qxb2+ 22. Kd1 Bc3 23. Rf1 Qxa2 24. Nd5 Re8 25. f3 Kf8 26. Ne3 Bc4 27. Qxc4 Qb1+ 28. Ke2 Qxc2+ 0-1

[Event "Vladimir (Russia)"]
[Site "?"]
[Date "2003.??.??"]
[Round "4"]
[White "Pogonina Natalija"]
[Black "Meshcheriakova Evgenia"]
[Result "1/2-1/2"]
[WhiteElo "2385"]
[BlackElo "2233"]
[PlyCount "49"]
[EventDate "2003.??.??"]
[Source "www.chesslib.no"]
[SourceDate "2004.05.04"]

1. e4 c5 2. Nf3 Nc6 3. d4 cxd4 4. Nxd4 Nf6 5. Nc3 d6 6. Be2 Nxd4 7. Qxd4 g6 8. Be3 Bg7 9. Qd2 Qa5 10. O-O-O Be6 11. a3 O-O 12. Kb1 Rfc8 13. Nd5 Qxd2 14. Rxd2 Nxe4 15. Nxe7+ Kf8 16. Nxc8 Nxd2+ 17. Bxd2 Rxc8 18. Bd3 Bd5 19. f3 a6 20. Rd1 Bc6 21. c4 Ba4 22. Rc1 Bb3 23. g3 Ke8 24. f4 d5 25. cxd5 1/2-1/2

[Event "1st Breizh Masters"]
[Site "Guingamp"]
[Date "2003.03.04"]
[Round "5"]
[White "Michiels, Bart"]
[Black "Berthelot, Yannick"]
[Result "1/2-1/2"]
[WhiteElo "2304"]
[BlackElo "2311"]
[PlyCount "93"]
[EventDate "2003.02.28"]
[Source "Roberto Alvarez"]
[SourceDate "2003.03.03"]

1. e4 c5 2. Nf3 Nc6 3. d4 cxd4 4. Nxd4 Nf6 5. Nc3 d6 6. Be2 Nxd4 7. Qxd4 g6 8. g4 h6 9. Be3 Bg7 10. f3 O-O 11. Qd2 Kh7 12. g5 hxg5 13. h4 Rh8 14. hxg5+ Nh5 15. f4 Kg8 16. Bxh5 Bg4 17. Ne2 Rxh5 18. Rxh5 Bxh5 19. O-O-O Qd7 20. Re1 Bxe2 21. Rxe2 Qa4 22. Qd5 Qa6 23. Rd2 Rc8 24. Kb1 Rc4 25. f5 Rb4 26. b3 Qc6 27. fxg6 Qxd5 28. exd5 Re4 29. gxf7+ Kxf7 30. Rf2+ Kg6 31. Bd2 b5 32. Rf4 Rxf4 33. Bxf4 Kf5 34. Be3 a6 35. c4 bxc4 36. bxc4 Ke4 37. Bc1 Kd3 38. Bb2 Bf8 39. g6 Kxc4 40. g7 Bxg7 41. Bxg7 Kxd5 42. Kc2 e5 43. Kd3 Kc5 44. Bf8 Kd5 45. Bh6 Kc5 46. Bc1 d5 47. Ba3+ 1/2-1/2

[Event "EU-chT (Women)"]
[Site "Batumi"]
[Date "1999.12.04"]
[Round "6"]
[White "Hernandez Estevez, Yudania"]
[Black "Demina, Julia"]
[Result "1/2-1/2"]
[WhiteElo "2231"]
[BlackElo "2377"]
[PlyCount "84"]
[EventDate "1999.11.06"]
[Source "ChessBase"]
[SourceDate "2000.01.11"]

1. e4 c5 2. Nf3 Nc6 3. d4 cxd4 4. Nxd4 Nf6 5. Nc3 d6 6. Be2 Nxd4 7. Qxd4 g6 8. Bg5 Bg7 9. Nd5 O-O 10. Bxf6 exf6 11. Qd2 f5 12. exf5 Bxf5 13. c3 Be4 14. O-O Re8 15. Rfe1 Qa5 16. Bc4 Qc5 17. Bb3 a5 18. a4 Re5 19. Ne3 Rg5 20. Bc4 d5 21. Bd3 Bxd3 22. Qxd3 d4 23. cxd4 Qxd4 24. Qxd4 Bxd4 25. Red1 Bxe3 26. fxe3 b5 27. axb5 Rxb5 28. Rd2 Rab8 29. h3 Kg7 30. Rd7 R8b7 31. Rxb7 Rxb7 32. Rxa5 Rxb2 33. Ra3 h5 34. Kh2 h4 35. Ra4 g5 36. Ra5 f6 37. Kg1 Kf7 38. Rc5 Ke6 39. Kf1 Ra2 40. Rb5 Rc2 41. Ra5 Rb2 42. Rc5 Ra2 1/2-1/2

[Event "RUS-ch sf"]
[Site "Novosibirsk"]
[Date "1998.??.??"]
[Round "?"]
[White "Zarezenko, Ilya"]
[Black "Lopushnoy, Denis"]
[Result "1/2-1/2"]
[WhiteElo "2215"]
[BlackElo "2390"]
[PlyCount "82"]
[EventDate "1998.??.??"]
[Source "www.chesslib.no"]
[SourceDate "2004.05.04"]

1. e4 c5 2. Nf3 Nc6 3. d4 cxd4 4. Nxd4 Nf6 5. Nc3 d6 6. Be2 Nxd4 7. Qxd4 g6 8. Be3 Bg7 9. Qd2 O-O 10. O-O Be6 11. Rad1 Qa5 12. f3 Rfc8 13. Nd5 Qxd2 14. Rxd2 Bxd5 15. exd5 Nd7 16. c3 a6 17. Bd4 b5 18. Bxg7 Kxg7 19. Rfd1 Nb6 20. Rd4 Rc5 21. Kf2 Rb8 22. Ke3 a5 23. a3 Na4 24. R1d2 Nb6 25. Rd1 Nd7 26. f4 h5 27. g3 Rc7 28. Bf3 Rcb7 29. Kd2 h4 30. Kc2 Rh8 31. Rh1 Nc5 32. Bg2 Na6 33. b4 Nc7 34. Kb2 Ra7 35. Rdd1 Na8 36. Bf3 Nb6 37. Be2 Rha8 38. Ra1 Rc8 39. Bxb5 Nxd5 40. Rhc1 Nb6 41. c4 g5 1/2-1/2

[Event "BCSA Open"]
[Site "?"]
[Date "2003.07.18"]
[Round "2"]
[White "Eminov Orkhan"]
[Black "Matnadze Ana"]
[Result "0-1"]
[WhiteElo "2209"]
[BlackElo "2386"]
[PlyCount "58"]
[EventDate "2003.??.??"]
[Source "www.chesslib.no"]
[SourceDate "2004.05.04"]

1. e4 c5 2. Nf3 d6 3. d4 cxd4 4. Nxd4 Nf6 5. Nc3 Nc6 6. Be2 Nxd4 7. Qxd4 g6 8. Bg5 Bg7 9. Nd5 O-O 10. c3 Nxd5 11. Qxd5 Qc7 12. Qd2 Be6 13. h4 h5 14. Bh6 Rfd8 15. Bxg7 Kxg7 16. Qg5 Qb6 17. Bxh5 Qxb2 18. O-O Qxc3 19. Bxg6 f6 20. Rfc1 Qxa1 21. Qe3 Qe5 22. f4 Qb2 23. Kh1 Kxg6 24. f5+ Kh7 25. fxe6 Rg8 26. Rg1 Rg4 27. g3 Qe5 28. Qf2 Qxe4+ 29. Kh2 Rc8 0-1

[Event "Zonal"]
[Site "Corrientez ARG"]
[Date "1985.??.??"]
[Round "?"]
[White "Reyes, Juan"]
[Black "Abarca Aguirre, Manuel"]
[Result "1/2-1/2"]
[WhiteElo "2230"]
[BlackElo "2360"]
[PlyCount "65"]
[EventDate "1985.??.??"]
[Source "www.chesslib.no"]
[SourceDate "2004.05.04"]

1. e4 c5 2. Nc3 Nc6 3. Nge2 d6 4. d4 cxd4 5. Nxd4 Nf6 6. Be2 e5 7. Nf3 h6 8. O-O Be7 9. b3 O-O 10. Bb2 a6 11. Re1 Re8 12. h3 Bf8 13. a3 b5 14. Qd2 Bb7 15. Bf1 Nb8 16. a4 b4 17. Nd5 Nxd5 18. exd5 a5 19. c3 bxc3 20. Bxc3 Nd7 21. Bb5 Re7 22. b4 Nf6 23. Bc6 Bxc6 24. dxc6 axb4 25. Bxb4 Rea7 26. a5 Ra6 27. Rec1 Qc8 28. Rf1 Rxc6 29. Qc3 Qe6 30. Rfe1 Raa6 31. Qd4 Nd7 32. Rac1 Rc7 33. Qc5 1/2-1/2

[Event "Bonn-Röttgen"]
[Site "?"]
[Date "1999.12.27"]
[Round "2.2"]
[White "Sebastian Dirk"]
[Black "Philipowski Robert"]
[Result "1/2-1/2"]
[WhiteElo "2306"]
[BlackElo "2272"]
[PlyCount "140"]
[EventDate "1999.??.??"]
[Source "www.chesslib.no"]
[SourceDate "2004.05.04"]

1. e4 c5 2. Nc3 Nc6 3. Nge2 d6 4. d4 cxd4 5. Nxd4 Nf6 6. Be2 e5 7. Nf3 h6 8. O-O Be7 9. Re1 O-O 10. h3 Be6 11. Bf1 Qa5 12. Bd2 Qd8 13. Bc1 Qa5 14. a3 Rfc8 15. Bd2 Qd8 16. Bc1 Qa5 17. Be3 Qd8 18. Qe2 Nb8 19. Rad1 Nbd7 20. Qd2 a6 21. g3 Qc7 22. Bg2 Nb6 23. Bxb6 Qxb6 24. Re3 Qc5 25. Nh4 g6 26. Rd3 Kg7 27. Na4 Qc6 28. b3 b5 29. Nc3 Qb6 30. Nd5 Bxd5 31. exd5 Qc5 32. Qe2 Qxc2 33. R1d2 Qc1+ 34. Kh2 Qxa3 35. f4 e4 36. Bxe4 Nxe4 37. Qxe4 Bxh4 38. gxh4 Qa1 39. h5 Re8 40. Qg2 Qf6 41. Qg4 Re4 42. Rf2 Qf5 43. Rg3 Qxg4 44. Rxg4 Kf6 45. f5 Rxg4 46. fxg6+ Kg5 47. gxf7 Rf4 48. Rg2+ Kxh5 49. Rg8 Rxf7 50. Rxa8 Rf5 51. Rxa6 Rxd5 52. Rb6 Kh4 53. Kg2 h5 54. b4 Rd2+ 55. Kf3 Kxh3 56. Rxb5 h4 57. Rh5 Rb2 58. Rd5 Kh2 59. Rxd6 h3 60. Rg6 Rb3+ 61. Kf2 Rxb4 62. Rg8 Rf4+ 63. Ke2 Rf7 64. Rg6 Rf8 65. Rg7 Kh1 66. Rg6 h2 67. Rg7 Re8+ 68. Kf2 Rf8+ 69. Ke2 Rf6 70. Rg8 Rf7 1/2-1/2

[Event "6th ch-PriFO Men"]
[Site "Kazan RUS"]
[Date "2008.01.29"]
[Round "7"]
[White "Ospennikov, D."]
[Black "Sokolov, Sergei"]
[Result "1-0"]
[WhiteElo "2217"]
[BlackElo "2356"]
[PlyCount "55"]
[EventDate "2008.01.23"]
[Source "www.chesslib.no"]
[SourceDate "2004.05.04"]

1. e4 c5 2. Nf3 d6 3. d4 cxd4 4. Nxd4 Nf6 5. Nc3 Nc6 6. Be2 Nxd4 7. Qxd4 g6 8. O-O Bg7 9. Bb5+ Bd7 10. Bxd7+ Qxd7 11. Be3 O-O 12. Qd3 Ng4 13. Bd4 Ne5 14. Qd1 Qc6 15. f4 Nc4 16. Nd5 Rfe8 17. Bxg7 Kxg7 18. Qd4+ e5 19. Qc3 Rac8 20. f5 Nb6 21. f6+ Kh8 22. Qd2 Nxd5 23. Qh6 Nxf6 24. Rxf6 Re7 25. Raf1 Qxc2 26. Rxg6 Rg8 27. Rxg8+ Kxg8 28. Rc1 1-0

[Event "Acropolis GM Open"]
[Site "?"]
[Date "2005.03.06"]
[Round "1"]
[White "Moutousis Konstantinos"]
[Black "Gkogkas Dimitrios"]
[Result "1/2-1/2"]
[WhiteElo "2422"]
[BlackElo "2149"]
[PlyCount "28"]
[EventDate "2005.??.??"]
[Source "www.chesslib.no"]
[SourceDate "2004.05.04"]

1. e4 c5 2. Nf3 d6 3. d4 cxd4 4. Nxd4 Nf6 5. Nc3 Nc6 6. Be2 Nxd4 7. Qxd4 g6 8. Bg5 Bg7 9. O-O O-O 10. Qe3 Re8 11. Rad1 Qa5 12. a3 Be6 13. Kh1 Ng4 14. Qd2 Qc5 1/2-1/2

[Event "SVK-ch"]
[Site "Nova Bana"]
[Date "1983.??.??"]
[Round "7"]
[White "Drtina, Milan"]
[Black "Petrik, Karol"]
[Result "1/2-1/2"]
[WhiteElo "2275"]
[BlackElo "2295"]
[PlyCount "137"]
[EventDate "1983.??.??"]
[Source "ChessBase"]

1. e4 c5 2. Nf3 Nc6 3. d4 cxd4 4. Nxd4 Nf6 5. Nc3 d6 6. Be2 Qb6 7. Nb3 e6 8. Be3 Qc7 9. O-O Be7 10. f4 a6 11. Bf3 O-O 12. Qd2 Rd8 13. a4 d5 14. exd5 Nb4 15. a5 Nfxd5 16. Nxd5 Nxd5 17. Bxd5 Rxd5 18. Qe2 Bf6 19. c4 Rd6 20. Rad1 Bd7 21. Bb6 Qc6 22. Rxd6 Qxd6 23. Rd1 Qc6 24. Nc5 Be8 25. b4 Bc3 26. Rb1 Bd4+ 27. Kh1 Rc8 28. Qd3 Bxc5 29. Bxc5 f6 30. Rd1 Bh5 31. Rd2 Be8 32. h3 Bg6 33. Qd7 Be4 34. Qd4 h6 35. Kh2 Kh7 36. Qe3 f5 37. Rd6 Qe8 38. Qd2 Rc7 39. Qc3 Rc6 40. Rd2 Rc7 41. Qe5 Rd7 42. Bd6 g5 43. fxg5 hxg5 44. Qf6 Qg8 45. Bf4 Rf7 46. Qxg5 Qxg5 47. Bxg5 Rc7 48. c5 Bd5 49. Bf4 Rc8 50. Kg1 Rg8 51. g3 Kg6 52. Be5 Rd8 53. Kf2 Rd7 54. Ke3 Bc6 55. Rd6 Re7 56. Kf4 Re8 57. Bc3 Kf7 58. Bd4 Rg8 59. g4 fxg4 60. hxg4 Rf8 61. Be3 Rh8 62. Ke5 Rh3 63. Bf4 Rh4 64. g5 Rh1 65. g6+ Kxg6 66. Kxe6 Re1+ 67. Be5 Re4 68. b5 axb5 69. a6 1/2-1/2

[Event "Corrientes zt"]
[Site "Corrientes"]
[Date "1985.??.??"]
[Round "?"]
[White "Reyes, Juan"]
[Black "Abarca Aguirre, Manuel"]
[Result "1/2-1/2"]
[WhiteElo "2230"]
[BlackElo "2335"]
[PlyCount "65"]
[EventDate "1985.??.??"]
[Source "www.chesslib.no"]
[SourceDate "2004.05.04"]

1. e4 c5 2. Nc3 Nc6 3. Nge2 d6 4. d4 cxd4 5. Nxd4 Nf6 6. Be2 e5 7. Nf3 h6 8. O-O Be7 9. b3 O-O 10. Bb2 a6 11. Re1 Re8 12. h3 Bf8 13. a3 b5 14. Qd2 Bb7 15. Bf1 Nb8 16. a4 b4 17. Nd5 Nxd5 18. exd5 a5 19. c3 bxc3 20. Bxc3 Nd7 21. Bb5 Re7 22. b4 Nf6 23. Bc6 Bxc6 24. dxc6 axb4 25. Bxb4 Rea7 26. a5 Ra6 27. Red1 Qc8 28. Rdc1 Rxc6 29. Rxc6 Qxc6 30. Qe2 Ra6 31. Bd2 Ne4 32. Rc1 Qa8 33. Bb4 1/2-1/2

[Event "Lost Boys op"]
[Site "Amsterdam"]
[Date "2000.08.14"]
[Round "4"]
[White "Michiels, Bart"]
[Black "Van der Weide, Karel"]
[Result "0-1"]
[WhiteElo "2055"]
[BlackElo "2467"]
[PlyCount "54"]
[EventDate "2000.08.05"]
[Source "ChessBase"]
[SourceDate "2000.09.14"]

1. e4 c5 2. Nf3 Nc6 3. d4 cxd4 4. Nxd4 Nf6 5. Nc3 d6 6. Be2 Nxd4 7. Qxd4 g6 8. Bg5 Bg7 9. Nd5 O-O 10. Bxf6 exf6 11. O-O-O f5 12. Qd3 fxe4 13. Qxe4 Re8 14. Qf3 Re5 15. Bc4 Be6 16. Bb3 a5 17. Ne3 Bxb3 18. axb3 a4 19. bxa4 Rxa4 20. c3 Qb6 21. Qe2 Rb5 22. Nc4 Bh6+ 23. Kc2 Rxc4 24. Qxc4 Qxf2+ 25. Kd3 Qf5+ 26. Kd4 Bg7+ 27. Ke3 Re5+ 0-1

[Event "Open"]
[Site "Calcutta open"]
[Date "1994.??.??"]
[Round "?"]
[White "Thipsay, Bagyashree Sathe"]
[Black "Nasir Ali, Syed"]
[Result "0-1"]
[WhiteElo "2205"]
[BlackElo "2315"]
[PlyCount "89"]
[EventDate "1994.??.??"]
[Source "www.chesslib.no"]
[SourceDate "2004.05.04"]

1. e4 c5 2. Nf3 Nc6 3. d4 cxd4 4. Nxd4 Nf6 5. Nc3 d6 6. Be2 Bd7 7. Nb3 g6 8. O-O Bg7 9. Kh1 O-O 10. f4 a6 11. Bf3 b5 12. Re1 h5 13. Nd5 Ng4 14. Re2 a5 15. c3 a4 16. Nd4 Na5 17. h3 Nc4 18. Qe1 e6 19. Nb4 e5 20. Ndc6 Qe8 21. Nd3 Bxc6 22. hxg4 hxg4 23. Bxg4 f5 24. Bf3 fxe4 25. Bxe4 d5 26. Bf3 e4 27. Bg4 d4 28. cxd4 Bxd4 29. Nf2 e3 30. Nh3 a3 31. b3 Ne5 32. fxe5 Bxa1 33. Bxe3 Qxe5 34. Bf4 Qf6 35. Qg3 Rae8 36. Rc2 Bd4 37. Bh5 Be4 38. Rc7 Be5 39. Bxe5 Qxe5 40. Qxe5 Rxe5 41. Bg4 Rf1+ 42. Kh2 Ra1 43. Nf4 Rxa2 44. Be6+ Rxe6 45. Nd3 0-1